Управление проектами предупреждения и ликвидации чрезвычайных ситуаций (Запись № 11356725)
[ простой вид ]
| 000 -МАРКЕР | |
|---|---|
| контрольное поле | 02666nam0a2200373 4500 |
| 001 - ИДЕНТИФИКАТОР ЗАПИСИ | |
| контрольное поле | RU\NLR\BIBL_A\012308133 |
| 005 - ИДЕНТИФИКАТОР ВЕРСИИ | |
| контрольное поле | 20201007163059.0 |
| 021 ## - НОМЕР ГОСУДАРСТВЕННОЙ РЕГИСТРАЦИИ | |
| Код страны | Российская Федерация |
| Номер | КН-П-20-019830 |
| Номер Листа государственной регистраци | КН-П-20-1554 |
| 035 ## - ДРУГИЕ СИСТЕМНЫЕ НОМЕРА | |
| Идентификатор записи | (NLR Aleph) 012308133 |
| 035 ## - ДРУГИЕ СИСТЕМНЫЕ НОМЕРА | |
| Идентификатор записи | (RuMoRGB)010317414 |
| 100 ## - ДАННЫЕ ОБЩЕЙ ОБРАБОТКИ | |
| Данные общей обработки | 20200805d2019 u y0rusy50 ca |
| 101 0# - ЯЗЫК РЕСУРСА | |
| Язык текста, звукозаписи и т.д. | русский |
| 102 ## - СТРАНА ПУБЛИКАЦИИ ИЛИ ПРОИЗВОДСТВА | |
| Страна публикации | Российская Федерация |
| 105 ## - ПОЛЕ КОДИРОВАННЫХ ДАННЫХ: ТЕКСТОВЫЕ МАТЕРИАЛЫ, МОНОГРАФИЧЕСКИЕ | |
| Кодированные данные о монографическом текстовом документе | |||j|||000zy |
| 181 #0 - ПОЛЕ КОДИРОВАННЫХ ДАННЫХ: ВИД СОДЕРЖАНИЯ | |
| Код вида содержания (ISBD) | i |
| Код характеристики содержания (ISBD) | axxe |
| 182 #0 - ПОЛЕ КОДИРОВАННЫХ ДАННЫХ: ТИП СРЕДСТВА | |
| Код типа средства (ISBD) | n - непосредственное |
| 200 1# - ЗАГЛАВИЕ И СВЕДЕНИЯ ОБ ОТВЕТСТВЕННОСТИ | |
| Основное заглавие | Управление проектами предупреждения и ликвидации чрезвычайных ситуаций |
| Сведения, относящиеся к заглавию | учебное пособие для студентов направления подготовки 20.03.01 - Техносферная безопасность и специальностей 18.05.02 - Химическая технология материалов современной энергетики, 20.05.01 - Пожарная безопасность |
| Первые сведения об ответственности | М.А. Латкин, М.Н. Степанова, С.А. Кеменов |
| Последующие сведения об ответственности | Министерство науки и высшего образования Российской Федерации, Белгородский государственный технологический университет им. В.Г. Шухова |
| 203 ## - ВИД СОДЕРЖАНИЯ И ТИП СРЕДСТВА | |
| Вид содержания | Текст |
| Дополнительные сведения об издании | визуальный |
| Тип средства | непосредственный |
| 210 ## - ПУБЛИКАЦИЯ, РАСПРОСТРАНЕНИЕ И ДР. | |
| Место издания, распространения и т.д. | Белгород |
| Имя издателя, распространителя и т. д. | Изд-во БГТУ |
| Дата издания, распространения и т.д. | 2019 |
| 215 ## - ФИЗИЧЕСКАЯ ХАРАКТЕРИСТИКА | |
| Специфическое обозначение материала и объем | 72 с. |
| Другие сведения о физической характеристике | ил., табл. |
| Размеры | 21 |
| 320 ## - ПРИМЕЧАНИЯ О НАЛИЧИИ В ДОКУМЕНТЕ БИБЛИОГРАФИИ / УКАЗАТЕЛЯ | |
| Текст примечания | Библиогр.: с. 72 (4 назв.) |
| 606 1# - НАИМЕНОВАНИЕ ТЕМЫ КАК ПРЕДМЕТ | |
| Наименование темы | Чрезвычайные ситуации |
| Формальный подзаголовок | Учебные издания для высших учебных заведений |
| Тематический подзаголовок | Предупреждение |
| -- | Компьютерное моделирование |
| Системный номер авторитетной/нормативной записи | 2451160 |
| Идентификатор авторитетной/нормативной записи | RU\NLR\AUTH\6601674961 |
| 606 1# - НАИМЕНОВАНИЕ ТЕМЫ КАК ПРЕДМЕТ | |
| Наименование темы | Чрезвычайные ситуации |
| Формальный подзаголовок | Учебные издания для высших учебных заведений |
| Тематический подзаголовок | Ликвидация последствий |
| -- | Компьютерное моделирование |
| Системный номер авторитетной/нормативной записи | 2451156 |
| Идентификатор авторитетной/нормативной записи | RU\NLR\AUTH\6601674959 |
| 606 1# - НАИМЕНОВАНИЕ ТЕМЫ КАК ПРЕДМЕТ | |
| Наименование темы | SPIDER PROJECT, пакет прикладных программ |
| Системный номер авторитетной/нормативной записи | 2451127 |
| Идентификатор авторитетной/нормативной записи | RU\NLR\AUTH\6601674946 |
| 686 1# - ИНДЕКСЫ ДРУГИХ КЛАССИФИКАЦИЙ | |
| Индекс | Ц69,6(2Р)0-5я73-1 |
| 700 #1 - ИМЯ ЛИЦА - ПЕРВИЧНАЯ ОТВЕТСТВЕННОСТЬ | |
| Начальный элемент ввода | Латкин |
| Часть имени, кроме начального элемента ввода | М. А. |
| Расширение инициалов личного имени | Матвей Алексеевич |
| 701 #1 - ИМЯ ЛИЦА - АЛЬТЕРНАТИВНАЯ ОТВЕТСТВЕННОСТЬ | |
| Графика поля | Кириллица |
| Материалы, к которым относится поле | rus |
| Начальный элемент ввода | Степанова |
| Часть имени, кроме начального элемента ввода | М. Н. |
| Дополнения к именам, кроме дат | канд. техн. наук |
| Расширение инициалов личного имени | Мария Николаевна |
| Системный номер авторитетной/нормативной записи | 172996 |
| Идентификатор авторитетной/нормативной записи | RU\NLR\AUTH\770173047 |
| 701 #1 - ИМЯ ЛИЦА - АЛЬТЕРНАТИВНАЯ ОТВЕТСТВЕННОСТЬ | |
| Начальный элемент ввода | Кеменов |
| Часть имени, кроме начального элемента ввода | С. А. |
| Расширение инициалов личного имени | Сергей Анатольевич |
| 942 ## - ДОПОЛНИТЕЛЬНЫЕ ЭЛЕМЕНТЫ ЗАПИСИ (АБИС) | |
| Тип экземпляра АБИС | Книга |
| 980 ## - КОЛЛЕКЦИЯ | |
| Название коллекции | НБР |
| 980 ## - КОЛЛЕКЦИЯ | |
| Название коллекции | Национальная библиография |
Нет доступных экземпляров.